Visualizzazione normale
Vista MARC
- Grusin Dave
di Personal Name
Records bibliografici associati: 1
001 - CONTROL NUMBER
- control field: 41704
003 - CONTROL NUMBER IDENTIFIER
- control field: IT-RoPau
005 - DATE AND TIME OF LATEST TRANSACTION
- control field: 20151126173540.0
008 - FIXED-LENGTH DATA ELEMENTS
- fixed length control field: 151126|| aca||aabn | a|a d
040 ## - CATALOGING SOURCE
- Original cataloging agency: IT-RoPau
- Transcribing agency: IT-RoPau
100 ## - HEADING--PERSONAL NAME
- Personal name: Grusin Dave
- Relator term: (musica)
- Miscellaneous information: Codice Musica SPICS: 9602
670 ## - SOURCE DATA FOUND
- Source citation: Work cat.: (IT-RoPau)105489: Pollack Sydney Codice regista SPICS: 1628 41701, DIRITTO DI CRONACA DIRITTO DI CRONACA (Rif. Codice opera principale : H6162)